| 000 | 00753nam a22002055i 4500 | ||
|---|---|---|---|
| 001 | 54393 | ||
| 003 | ES-MaACL | ||
| 005 | 20250610152235.0 | ||
| 007 | t| | ||
| 008 | 960719s1876 fr ||||1| fre d | ||
| 040 |
_aCAM _bspa _cCAM |
||
| 100 | 1 |
_aForkel, J. N. _951748 |
|
| 245 | 1 | 0 |
_aVie, talents et travaux de Jean-Sébastien Bach / _couvrage traduit de l'allemand de J. N. Forkel; annoté et précédé d'un aperçu de l'état de la musique en allemagne aux XVIe et XVIIe siècles par Félix Grenier. |
| 260 |
_aA Paris : _bchez J. Baur, _c1876. |
||
| 300 |
_a[6], 286, [1] p. ; _c18 cm. |
||
| 600 | 0 | 4 |
_aBach, Johann Sebastian, _d1685-1750 _924454 |
| 700 | 1 |
_aGrenier, Félix. _959943 |
|
| 852 |
_aES-MaACL _jF-11476 |
||
| 999 |
_c54393 _d54393 |
||